Polskie piosenki rapowe z największą liczbą wyświetleń w 2022 roku - Statystyki

Ogólne statystyki
  • Ten quiz został rozwiązany 338 razy
  • Średni wynik to 5 z 21
Statystyki odpowiedzi
Hint Odpowiedź % Poprawnych
50mln+ Złote tarasy
78%
15mln+ Jeżyk
47%
40mln+ Lawenda
44%
15mln+ Parapetówa
34%
10mln+ Patoprohibicja
34%
30mln+ Jetlag
29%
15mln+ Dres
23%
15mln+ Proste fakty
23%
10mln+ Agrest i bez
22%
20mln+ La manga
20%
10mln+ Co to za bluza lanek?
19%
10mln+ Łyk i buch
17%
10mln+ Zosia
17%
7mln+ Icey
16%
7mln+ Droga pani
15%
20mln+ Pijemy za lepszy czas
15%
20mln+ BMW
14%
15mln+ Lot
14%
10mln+ Trójkąt bermudzki
9%
15mln+ Pakuje walizę
7%
10mln+ Powww!
3%
Nie znaleziono quizów pasujących do podanych kryteriów
Rozkład punktacji
Procent ludzi z każdym wynikiem
Percentyl według liczby udzielonych odpowiedzi
Twoja historia wyników
Nie rozwiązałeś tego quizu